[Event "41st Reggio Emilia it"]
[Site "Reggio Emilia ITA"]
[Date "1999.01.04"]
[Round "8"]
[White "Tomescu, Vlad"]
[Black "Lputian, Smbat"]
[Result "1/2-1/2"]
[WhiteElo "2425"]
[BlackElo "2615"]
[EventDate "1998.12.28"]
[PlyCount "157"]

1.e4 e6 2.d4 d5 3.Nd2 c5 4.exd5 exd5 5.Ngf3 Nc6 6.Bb5 Bd6 7.dxc5 Bxc5 8.
O-O Ne7 9.Nb3 Bd6 10.h3 O-O 11.Bd3 h6 12.Be3 Bc7 13.Re1 Qd6 14.Bc5 Qf6 15.
Nbd4 Rd8 16.Nxc6 Nxc6 17.c3 b6 18.Bd4 Nxd4 19.Nxd4 Qd6 20.Nf3 Bb7 21.Bc2 
Re8 22.Qd4 a6 23.Rad1 b5 24.Qd3 g6 25.Bb3 Rxe1+ 26.Rxe1 Rd8 27.Qd2 h5 28.
Qh6 Qf8 29.Qxf8+ Kxf8 30.a3 Bb6 31.Nd4 Bxd4 32.cxd4 Rc8 33.f4 a5 34.Kf2 a4
35.Ba2 h4 36.Re2 Rc1 37.Re1 Rc6 38.Re2 Rb6 39.b4 axb3 40.Bxb3 Ra6 41.Ra2 
Bc6 42.Ke3 Ke7 43.Kf3 f5 44.g3 hxg3 45.Kxg3 Ra8 46.h4 Kd6 47.Kf3 Bd7 48.
Ke3 Re8+ 49.Kd3 Re4 50.Rf2 Be8 51.Rf3 Bd7 52.Rf2 Re1 53.Rg2 Rh1 54.Rxg6+ 
Be6 55.Rg3 Rxh4 56.Rf3 Bf7 57.Ke3 Rh1 58.Kd2 Ra1 59.Bc2 Be6 60.Rb3 Rf1 61.
Ke3 Bd7 62.Bd3 Rh1 63.Rb1 Rh3+ 64.Ke2 Rh2+ 65.Ke3 Ra2 66.Rb3 Kc7 67.Bxb5 
Bxb5 68.Rxb5 Rxa3+ 69.Ke2 Kc6 70.Rb8 Ra4 71.Ke3 Ra7 72.Rf8 Ra3+ 73.Ke2 Kb5
74.Rxf5 Kc4 75.Re5 Kxd4 76.Re7 Rh3 77.f5 Kc5 78.f6 Kd6 79.Ra7 1/2-1/2